[Event "Russian Higher League 2020"]
[Site "?"]
[Date "2020.10.17"]
[Round "9.25"]
[White "Bimiev, Ahmad"]
[Black "Saidov, Bilukhadzh"]
[Result "1/2-1/2"]
[WhiteElo "2252"]
[BlackElo "2259"]
[PlyCount "36"]
[EventDate "2020.??.??"]

1. Nf3 d5 2. g3 g6 3. Bg2 Bg7 4. c4 c6 5. O-O Nf6 6. b3 O-O 7. Bb2 b6 8. d3 Bb7
9. cxd5 cxd5 10. Nc3 Nc6 11. Rc1 Rc8 12. a3 a5 13. Nb5 Ba6 14. Nbd4 Bb7 15. Nb5
Ba6 16. Nbd4 Bb7 17. Nb5 Ba6 18. Nbd4 Bb7 1/2-1/2